000 01367cac a2200373 i 4500
003 EG-GICUC
005 20260121101545.0
008 030428s2003 enk frb 001 0 eng d
020 _a0199259119
_qpbk
020 _a0199261288
020 _a9780199259113
_q(pbk)
020 _a9780199261284
040 _aDLC
_cDLC
_dDLC
_dEG-GICUC
_beng
_erda
050 0 0 _aK5000
_b.C37 2003
082 0 0 _a343.5
_221
092 0 4 _221
099 _aLaw 10 2003
100 1 _aCassese, Antonio.
245 1 0 _aInternational criminal law /
_cAntonio Cassese.
264 _aOxford ;
_aNew York :
_bOxford University Press,
_c2003.
300 _alvi, 472 page ;
_c25 cm.
336 _atext
_btxt
_2rdacontent
337 _aunmediated
_bn
_2rdamedia
338 _avolume
_bnc
_2rdacarrier
504 _aIncludes bibliographical references and index.
650 0 _aInternational crimes.
650 0 _aCriminal procedure (International law)
856 4 2 _uhttps://fll.law.cu.edu.eg/fulltext/bks/ENGB10-00107.pdf
856 4 2 _3Publisher description
_uhttp://www.loc.gov/catdir/enhancements/fy0615/2003267444-d.html
856 4 1 _3Table of contents only
_uhttp://www.loc.gov/catdir/enhancements/fy0615/2003267444-t.html
856 4 2 _3Contributor biographical information
_uhttp://www.loc.gov/catdir/enhancements/fy0725/2003267444-b.html
905 _a10
942 _2ddc
_cBK
_e21
_n0
999 _c52953
_d52953